000 00454nam a2200181Ia 4500
005 20250423101409.0
008 250422s9999 xx 000 0 und d
020 _a1843090325
050 _aBF 1779 .F4 .H35/
100 _aHale, Gill
245 4 _aThe practical encyclopedia of feng shui
260 _aLondon
260 _bHermes House
260 _c2001
300 _a256 p
650 _aInterior architecture Interior decoration
942 _cBK
999 _c36186
_d36186